Sustainable recovery in Asia mobilising resources for development

Gespeichert in:
Bibliographische Detailangaben
Format: Buch
Sprache:Englisch
Veröffentlicht: Paris OECD 2000
Schriftenreihe:International development
Schlagworte:
Tags: Tag hinzufügen
Keine Tags, Fügen Sie das erste Tag hinzu!

MARC

LEADER 00000nam a2200000 4500
001 c125123
005 20221221092554.5
020 |a 92-64-18546-1 
041 0 |a eng 
044 |a FR 
245 1 0 |a Sustainable recovery in Asia  |b mobilising resources for development 
264 1 |a Paris  |b OECD  |c 2000 
300 |a 190 s. 
490 1 |a International development 
830 0 |a International development 
610 2 0 |a situácia hospodárska 
610 2 0 |a politika hospodárska 
610 2 0 |a vývoj hospodársky 
610 2 0 |a oživenie 
610 2 0 |a zdroje finančné 
610 2 0 |a kríza 
610 2 0 |a reformy 
610 2 0 |a politika finančná 
610 2 0 |a politika fiškálna 
610 2 0 |a úspory 
610 2 0 |a sektor súkromný 
610 2 0 |a investície 
610 2 0 |a infraštruktúra 
610 2 0 |a trh kapitálový 
610 2 0 |a rast hospodársky 
610 2 0 |a výdavky verejné 
610 2 0 |a investície priame zahraničné 
610 2 0 |a Kórea 
610 2 0 |a Ázia